Sports Quiz

Random Sports or NCAA Quiz
Score 0/15 Timer 02:00
1 Play Today
% Correct
Miami
86%
Florida State
85.2%
Virginia
85.1%
North Carolina
84.7%
Duke
82.8%
Georgia Tech
82.5%
Pittsburgh
80.6%
Syracuse
80.2%
% Correct
Boston College
80.1%
Virginia Tech
80.1%
NC State
79.4%
Clemson
77.7%
Louisville
74.4%
Notre Dame
69.8%
Wake Forest
68.6%
Remove Ads.
Support Sporcle.
Get the best of Sporcle when you Go Orange. This ad-free experience offers more features, more stats, and more fun while also helping to support Sporcle. Thank you for becoming a member.

You're not logged in!

Compare scores with friends on all Sporcle quizzes.
OR
Log In

Sporcle TV

Today on Sporcle TV


Watch our educational content, quiz creation guides, and fun videos on Sporcle TV.

Show Comments

Extras

Top Quizzes Today


Score Distribution

Paid Content

Your Account Isn't Verified!

In order to create a playlist on Sporcle, you need to verify the email address you used during registration. Go to your Sporcle Settings to finish the process.

Report this User

Report this user for behavior that violates our Community Guidelines.

Details: